Architectural narrative and montage of spaces : (رقم التسجيلة. 81378)

تفاصيل مارك
000 -LEADER
fixed length control field 02093cam a2200337 a 4500
003 - CONTROL NUMBER IDENTIFIER
control field EG-GiCUC
005 - DATE AND TIME OF LATEST TRANSACTION
control field 20250223032752.0
008 - FIXED-LENGTH DATA ELEMENTS--GENERAL INFORMATION
fixed length control field 210624s2021 ua dho f m 000 0 eng d
040 ## - CATALOGING SOURCE
Original cataloging agency EG-GiCUC
Language of cataloging eng
Transcribing agency EG-GiCUC
041 0# - LANGUAGE CODE
Language code of text/sound track or separate title eng
049 ## - LOCAL HOLDINGS (OCLC)
Holding library Deposite
097 ## - Thesis Degree
Thesis Level M.Sc
099 ## - LOCAL FREE-TEXT CALL NUMBER (OCLC)
Classification number Cai01.13.02.M.Sc.2021.Ze.A
100 0# - MAIN ENTRY--PERSONAL NAME
Personal name Zeyad Seddik Mohamed Moussa Seddik
245 10 - TITLE STATEMENT
Title Architectural narrative and montage of spaces :
Remainder of title Using cinematic strategies to enhance user spatial experience /
Statement of responsibility, etc. Zeyad Seddik Mohamed Moussa Seddik ; Supervised Mohamed Medhat H. Dorra , Khaled M. R. Dewidar
246 15 - VARYING FORM OF TITLE
Title proper/short title السرد المعمارى و مونتاج الفراغات :
Remainder of title استخدام الأساليب السينمائية لتطوير التجربة الفراغية للمستخدم
260 ## - PUBLICATION, DISTRIBUTION, ETC.
Place of publication, distribution, etc. Cairo :
Name of publisher, distributor, etc. Zeyad Seddik Mohamed Moussa Seddik ,
Date of publication, distribution, etc. 2021
300 ## - PHYSICAL DESCRIPTION
Extent 127 P. :
Other physical details charts , facsmilies , photographs ;
Dimensions 30cm
502 ## - DISSERTATION NOTE
Dissertation note Thesis (M.Sc.) - Cairo University - Faculty of Engineering - Department of Architectural Engineering
520 ## - SUMMARY, ETC.
Summary, etc. The advancement of design tools and the acceleration of design cycles lead to the suffering of architectural designs from a 2user-blind3 design syndrome. Cinematic tools from story and narrative structure to the final montage adopted from film are studied. Then, these techniques are overlaid on the design process and real world architectural and cinematic examples to examine ways architecture can benefit from film in reinstating the user as the core of the design process and consequently enhance their spatial experience. The core cinematic strategies discussed are applied to {u2018}Parc de La Villette,{u2019} Paris, France, by architect Bernard Tschumi
530 ## - ADDITIONAL PHYSICAL FORM AVAILABLE NOTE
Additional physical form available note Issued also as CD
653 #4 - INDEX TERM--UNCONTROLLED
Uncontrolled term Architecture Design
653 #4 - INDEX TERM--UNCONTROLLED
Uncontrolled term Film Montage
653 #4 - INDEX TERM--UNCONTROLLED
Uncontrolled term Spatial Narrative
700 0# - ADDED ENTRY--PERSONAL NAME
Personal name Khaled M. R. Dewidar,
Relator term
700 0# - ADDED ENTRY--PERSONAL NAME
Personal name Mohamed Medhat H. Dorra ,
Relator term
856 ## - ELECTRONIC LOCATION AND ACCESS
Uniform Resource Identifier <a href="http://172.23.153.220/th.pdf">http://172.23.153.220/th.pdf</a>
905 ## - LOCAL DATA ELEMENT E, LDE (RLIN)
Cataloger Amira
Reviser Cataloger
905 ## - LOCAL DATA ELEMENT E, LDE (RLIN)
Cataloger Nazla
Reviser Revisor
942 ## - ADDED ENTRY ELEMENTS (KOHA)
Source of classification or shelving scheme Dewey Decimal Classification
Koha item type Thesis
المقتنيات
Source of classification or shelving scheme Not for loan Home library Current library Date acquired Full call number Barcode Date last seen Koha item type Copy number
Dewey Decimal Classification   المكتبة المركزبة الجديدة - جامعة القاهرة قاعة الرسائل الجامعية - الدور الاول 11.02.2024 Cai01.13.02.M.Sc.2021.Ze.A 01010110083744000 22.09.2023 Thesis  
Dewey Decimal Classification   المكتبة المركزبة الجديدة - جامعة القاهرة مخـــزن الرســائل الجـــامعية - البدروم 11.02.2024 Cai01.13.02.M.Sc.2021.Ze.A 01020110083744000 22.09.2023 CD - Rom 83744.CD
Cairo University Libraries Portal Implemented & Customized by: Eng. M. Mohamady Contacts: new-lib@cl.cu.edu.eg | cnul@cl.cu.edu.eg
CUCL logo CNUL logo
© All rights reserved — Cairo University Libraries
CUCL logo
Implemented & Customized by: Eng. M. Mohamady Contact: new-lib@cl.cu.edu.eg © All rights reserved — New Central Library
CNUL logo
Implemented & Customized by: Eng. M. Mohamady Contact: cnul@cl.cu.edu.eg © All rights reserved — Cairo National University Library